000 00389nam a22001577a 4500
005 20160903170131.0
008 160903b xxu||||| |||| 00| 0 eng d
020 _a978-93-85000-82-9
041 _aeng
100 _aBANERJEE,SUDERSHAN AND OTHERS
_93479
245 _aEFFECTIVE BUSINESS COMMUNICATION
260 _bCEGR
_c2016
300 _a685
650 _aMANAGEMENT
_9241
942 _cBK
999 _c5184
_d5182